000
00368nam a2200157Ia 4500
008
151213s9999 xx 000 0 und d
100
_a
H. Coombes
245
_a
Literature and Criticism
_c
H. Coombes
250
_a
1st
260
_a
U K.
_b
Polican Books
_c
1953
300
_a
4572 p.
650
_a
Critics
650
_a
English
700
_a
H. Coombes
999
_c
2946
_d
2946